00370nam a2200145Ia 4500008004100000020001500041082001500056100003000071245003100101250000800132260003300140300001200173500002400185650001500209230524s9999 xx 000 0 und d a8174464980 a658.3bBAT aDipak Kumar Bhattacharyya 0aHuman Resource Management  a2ND aNEW DELHIbExcel Booksc2008 aXIV;635 aQuantity Number: 3 aManagement